[Event "Oscaro Open 2013"]
[Site "Bastia FRA"]
[Date "2013.10.20"]
[Round "7.6"]
[White "Cvitan, Ognjen"]
[Black "Demuth, Adrien"]
[Result "0-1"]
[WhiteTitle "GM"]
[BlackTitle "IM"]
[WhiteElo "2557"]
[BlackElo "2480"]
[WhiteFideId "14500086"]
[BlackFideId "642274"]
[EventDate "2013.10.19"]

1. c4 g6 2. g3 Bg7 3. Bg2 d6 4. d4 Nf6 5. Nc3 O-O 6. e3 c5 7. Nge2 Nc6 8. O-O
Bd7 9. b3 Qc8 10. Bb2 Bh3 11. Qd2 Bxg2 12. Kxg2 Qf5 13. d5 Nb4 14. f3 Qc2 15.
Rad1 Nd7 16. a3 Qxb3 17. axb4 cxb4 18. Na4 Ne5 19. Bxe5 Bxe5 20. Ra1 Bxa1 21.
Rxa1 Qxc4 22. Nb2 Qb3 23. Nd1 Rfc8 24. Ra2 a5 25. e4 Rc5 26. h4 Rac8 27. Ne3 b6 0-1

[Event "Oscaro Open 2013"]
[Site "Bastia FRA"]
[Date "2013.10.20"]
[Round "7.8"]
[White "Dimitrov, Radoslav"]
[Black "Maiorov, Nikita1"]
[Result "1-0"]
[WhiteTitle "IM"]
[BlackTitle "GM"]
[WhiteElo "2445"]
[BlackElo "2548"]
[WhiteFideId "2908549"]
[BlackFideId "13501720"]
[EventDate "2013.10.19"]

1. c4 e5 2. Nc3 Nc6 3. Nf3 Nf6 4. d4 exd4 5. Nxd4 Bb4 6. g3 O-O 7. Bg2 Bxc3+ 8.
bxc3 Ne5 9. c5 Rb8 10. O-O b6 11. cxb6 axb6 12. f4 Ng6 13. e4 Bb7 14. e5 Ne4 15.
Qc2 d5 16. c4 c5 17. Nf5 f6 18. cxd5 Qxd5 19. Re1 fxe5 20. Bxe4 Qe6 21. Bxb7
Rxb7 22. Ne3 exf4 23. Qc4 Re7 24. Qxe6+ Rxe6 25. Ng2 Ne5 26. Nh4 f3 27. Rf1 h6
28. Bb2 f2+ 29. Kh1 Nd3 30. Bc3 g5 31. Ng2 Rf3 32. Rad1 c4 33. a4 Re2 34. Bd4
Rc2 35. Ne3 Ra2 36. Nxc4 Rxa4 37. Ne5 Nxe5 38. Bxe5 b5 39. Kg2 Re3 40. Bd4 Re4
41. Bxf2 Ra2 42. Kf3 Re6 43. Rb1 Rf6+ 44. Kg2 Rf5 45. Rb4 h5 46. h3 Kh7 47. g4
hxg4 48. hxg4 Rd5 49. Kf3 Rd3+ 50. Be3 Raa3 51. Re4 b4 52. Rb1 b3 53. Ke2 Rc3
54. Re7+ Kg6 55. Rg7+ Kxg7 56. Bd4+ Kf7 57. Bxc3 Ra4 58. Kf3 Ra3 59. Bb4 Ra6 60.
Rxb3 Rb6 61. Rb2 Kg6 62. Bc3 Rc6 63. Bd4 Rd6 64. Rb6 Rxb6 65. Bxb6 Kf7 66. Ke4
Ke6 67. Bd4 1-0

[Event "Oscaro Open 2013"]
[Site "Bastia FRA"]
[Date "2013.10.20"]
[Round "7.9"]
[White "Naiditsch, Arkadij"]
[Black "Libiszewski, Fabien"]
[Result "1-0"]
[WhiteTitle "GM"]
[BlackTitle "GM"]
[WhiteElo "2724"]
[BlackElo "2522"]
[WhiteFideId "4650891"]
[BlackFideId "616834"]
[EventDate "2013.10.19"]

1. e4 d6 2. d4 Nf6 3. Nc3 g6 4. Be3 c6 5. Qd2 b5 6. Bd3 Nbd7 7. Nf3 Qc7 8. O-O
Bb7 9. Ne2 Bg7 10. Ng3 Ng4 11. Bg5 h6 12. h3 Nxf2 13. Qxf2 hxg5 14. Nxg5 Bf6 15.
Nf3 a6 16. a4 Rc8 17. axb5 cxb5 18. c3 e5 19. Ne2 O-O 20. Kh1 d5 21. exd5 Bxd5
22. dxe5 Nxe5 23. Nxe5 Bxe5 24. Rxa6 Qd7 25. Ng1 Bxg2+ 26. Qxg2 Qxd3 27. Nf3 Bg7
28. Ra7 b4 29. h4 bxc3 30. bxc3 Rxc3 31. h5 Rc2 32. Qh3 gxh5 33. Ra5 Re8 34. Rg5
Ree2 35. Qg3 Qc3 36. Qb8+ Qc8 37. Qxc8+ Rxc8 38. Rfg1 Rc3 39. Rxg7+ Kf8 40. Rg8+
Ke7 41. R8g3 Ree3 42. Rf1 f6 43. Rf2 Rc1+ 44. Kg2 Rec3 45. Rg7+ Kf8 46. Rd7 Ke8
47. Rdd2 Rc7 48. Nd4 Kf7 49. Nf5 Kg6 50. Rde2 R1c4 51. Ne7+ Kf7 52. Nd5 Rg4+ 53.
Kh2 Rh4+ 54. Kg3 Rg4+ 55. Kh3 Rc6 56. Re7+ Kg6 57. Ra7 Rd6 58. Ne7+ 1-0

[Event "Oscaro Open 2013"]
[Site "Bastia FRA"]
[Date "2013.10.20"]
[Round "8.1"]
[White "Fridman, Daniel"]
[Black "Istratescu, Andrei"]
[Result "1/2-1/2"]
[WhiteTitle "GM"]
[BlackTitle "GM"]
[WhiteElo "2602"]
[BlackElo "2664"]
[WhiteFideId "11600454"]
[BlackFideId "1200372"]
[EventDate "2013.10.19"]

1. Nf3 Nf6 2. c4 e6 3. g3 d5 4. Bg2 dxc4 5. Qa4+ c6 6. Qxc4 b5 7. Qb3 Bb7 8. O-O
Nbd7 9. d4 a6 10. Ne5 Nxe5 11. dxe5 Nd7 12. Nc3 Qc7 13. Bf4 h6 14. Ne4 Nc5 15.
Nxc5 Bxc5 16. Qc3 Be7 17. Be3 b4 18. Qc2 c5 19. Qa4+ Kf8 20. Bxb7 Qxb7 21. Rac1
Rc8 22. Rfd1 Qb5 23. Qxb5 axb5 24. Rd7 f6 25. Rb7 fxe5 26. Rxb5 c4 27. Rxe5 Kf7
28. Bd4 Rhd8 29. Re4 Rd5 30. Be5 Ra5 31. f4 c3 32. bxc3 Rxa2 33. Kf2 Rc6 34. c4
Bc5+ 35. Bd4 Bxd4+ 36. Rxd4 b3 37. Rb1 b2 38. Rd2 Rxc4 39. Rdxb2 Rxb2 40. Rxb2
g5 41. Kf3 gxf4 42. gxf4 Kf6 43. e3 Rc1 44. Rg2 Rf1+ 45. Kg4 Re1 46. Rg3 Kg6 47.
h4 Rh1 48. Rh3 Rg1+ 49. Rg3 Rh1 50. Rh3 1/2-1/2

[Event "Oscaro Open 2013"]
[Site "Bastia FRA"]
[Date "2013.10.20"]
[Round "8.2"]
[White "Almasi, Zoltan"]
[Black "Maze, Sebastien"]
[Result "1-0"]
[WhiteTitle "GM"]
[BlackTitle "GM"]
[WhiteElo "2707"]
[BlackElo "2550"]
[WhiteFideId "702293"]
[BlackFideId "613762"]
[EventDate "2013.10.19"]

1. c4 Nf6 2. Nf3 g6 3. Nc3 Bg7 4. g3 O-O 5. Bg2 c6 6. O-O d5 7. cxd5 cxd5 8. d3
Nc6 9. Bf4 d4 10. Nb5 Nd5 11. Bd2 Qb6 12. Qb3 Rd8 13. Ng5 e6 14. Ne4 a6 15. Nbd6
Qxb3 16. axb3 Bf8 17. Nxc8 Raxc8 18. Rfc1 Na7 19. Bg5 Be7 20. Bxe7 Nxe7 21. Nc5
b6 22. Nxa6 Rxc1+ 23. Rxc1 Rc8 24. Rc4 e5 25. Bb7 b5 26. Rc7 Rxc7 27. Nxc7 Nf5
28. b4 Nd6 29. Bf3 f5 30. Bd5+ Kg7 31. Kf1 Kf6 32. Ke1 Nac8 33. Kd2 Ne7 34. Bg2
h5 35. e3 g5 36. exd4 exd4 37. Na6 g4 38. Nc5 Ng6 39. Nb3 Ke5 40. Na5 Ne7 41.
f4+ gxf3 42. Bxf3 f4 43. gxf4+ Kxf4 44. Bxh5 Nd5 45. Nc6 Nf5 46. Bg6 Nde3 47.
Ke2 Nh4 48. Be4 Nc2 49. Kd2 Ne3 50. Nxd4 Nf1+ 51. Kc3 Nxh2 52. Nxb5 1-0

[Event "Oscaro Open 2013"]
[Site "Bastia FRA"]
[Date "2013.10.20"]
[Round "8.3"]
[White "Demuth, Adrien"]
[Black "Fedorchuk, Sergey A."]
[Result "0-1"]
[WhiteTitle "IM"]
[BlackTitle "GM"]
[WhiteElo "2480"]
[BlackElo "2656"]
[WhiteFideId "642274"]
[BlackFideId "14102536"]
[EventDate "2013.10.19"]

1. d4 Nf6 2. c4 e6 3. Nc3 Bb4 4. Qc2 d6 5. Nf3 Nbd7 6. e3 b6 7. Bd3 Bb7 8. O-O
Bxc3 9. bxc3 O-O 10. Ng5 h6 11. Ne4 Nxe4 12. Bxe4 Bxe4 13. Qxe4 Nf6 14. Qc6 Qd7
15. Qxd7 Nxd7 16. a4 Nb8 17. Ba3 Nc6 18. Bb4 Rab8 19. Rfd1 Rfd8 20. Kf1 Kf8 21.
Ke2 Ke8 22. Kd3 Ne7 23. Ba3 c5 24. f4 Nc6 25. d5 Na5 26. e4 Rb7 27. Ra2 Re7 28.
Re2 Kd7 29. Rde1 Rde8 30. e5 Kc7 31. exd6+ Kxd6 32. dxe6 Rxe6 33. Rxe6+ Rxe6 34.
Rxe6+ Kxe6 35. g4 f5 36. h3 g6 37. Bc1 Kf6 38. g5+ hxg5 39. fxg5+ Ke5 40. Be3 f4
41. Bf2 Kf5 42. h4 Nc6 0-1

[Event "Oscaro Open 2013"]
[Site "Bastia FRA"]
[Date "2013.10.20"]
[Round "8.4"]
[White "Dimitrov, Radoslav"]
[Black "Naiditsch, Arkadij"]
[Result "1/2-1/2"]
[WhiteTitle "IM"]
[BlackTitle "GM"]
[WhiteElo "2445"]
[BlackElo "2724"]
[WhiteFideId "2908549"]
[BlackFideId "4650891"]
[EventDate "2013.10.19"]

1. e4 c5 2. Nc3 Nc6 3. f4 g6 4. Nf3 Bg7 5. Bb5 Nd4 6. O-O e6 7. e5 Ne7 8. Nxd4
cxd4 9. Ne4 O-O 10. b3 d5 11. Nd6 f6 12. Nxc8 Rxc8 13. exf6 Rxf6 14. Ba3 Nc6 15.
Qe2 Qb6 16. Bd3 Bf8 17. Bxf8 Rcxf8 18. g3 Qc5 19. Rae1 a6 20. h4 Qd6 21. Kg2 Kg7
22. h5 Nb4 23. hxg6 hxg6 24. Rh1 Nxd3 25. Qxd3 Qc5 26. Rh4 Rh8 27. Rxh8 Kxh8 28.
c3 dxc3 29. Qxc3 Qxc3 30. dxc3 Kg7 31. c4 Kf7 32. cxd5 exd5 33. Rd1 Ke6 34. Kh3
Kd6 35. Kg4 Kc5 36. Kg5 Rd6 37. g4 d4 38. f5 gxf5 39. gxf5 d3 40. f6 Kd4 41. f7
Rd8 42. Kf6 Kc3 43. Ke7 Rh8 44. Rh1 Rxh1 45. f8=Q Re1+ 46. Kd7 d2 47. Qc5+ Kb2
48. Qd4+ Kc2 49. Qc4+ Kb2 50. Qd4+ Kc2 51. Qc4+ Kb2 52. Qd4+ Kc2 1/2-1/2

[Event "Oscaro Open 2013"]
[Site "Bastia FRA"]
[Date "2013.10.20"]
[Round "8.6"]
[White "Bosiocic, Marin"]
[Black "Postny, Evgeny"]
[Result "0-1"]
[WhiteTitle "GM"]
[BlackTitle "GM"]
[WhiteElo "2542"]
[BlackElo "2631"]
[WhiteFideId "14507927"]
[BlackFideId "2804344"]
[EventDate "2013.10.19"]

1. e4 c6 2. d4 d5 3. e5 Bf5 4. h4 Qc7 5. g4 Bd7 6. h5 e6 7. f4 c5 8. c3 Nc6 9.
Nf3 Rc8 10. Be3 Qb6 11. Rh2 Nh6 12. Bh3 cxd4 13. cxd4 Qa6 14. Kf2 Nb4 15. Kg3
Ba4 16. b3 Bb5 17. a3 Nc6 18. Rd2 Bb4 19. Rda2 Be7 20. g5 Nf5+ 21. Bxf5 exf5 22.
Nc3 Bd3 23. Nxd5 Be4 24. Nc3 Bxf3 25. Kxf3 Nxe5+ 26. dxe5 Rxc3 27. Rc1 Rxc1 28.
Qxc1 O-O 29. Qc4 b5 30. Qc7 Qe6 31. Rd2 Bxa3 32. Qxa7 Bb4 33. Rd7 Qc6+ 34. Kf2
Qc2+ 35. Kg3 Be1+ 36. Kf3 Qe4+ 37. Ke2 Bg3 38. g6 hxg6 39. hxg6 Qg2+ 40. Kd3
Qe4+ 41. Ke2 Qg2+ 42. Kd3 Qf1+ 43. Kd4 Qd1+ 44. Kc5 Rc8+ 45. Kb6 Qf3 46. gxf7+
Kh7 47. f8=N+ Kh6 48. Rd6+ Kh5 49. Qf7+ Kh4 50. Bc5 0-1

[Event "Oscaro Open 2013"]
[Site "Bastia FRA"]
[Date "2013.10.20"]
[Round "8.7"]
[White "Saric, Ivan"]
[Black "Koziak, Vitali"]
[Result "1/2-1/2"]
[WhiteTitle "GM"]
[BlackTitle "IM"]
[WhiteElo "2628"]
[BlackElo "2481"]
[WhiteFideId "14508150"]
[BlackFideId "14102234"]
[EventDate "2013.10.19"]

1. e4 e5 2. Nf3 Nc6 3. Bc4 Nf6 4. d3 h6 5. O-O d6 6. c3 g6 7. d4 Qe7 8. Re1 Bg7
9. Nbd2 O-O 10. h3 Nh5 11. Nf1 Bd7 12. Be3 Rae8 13. Qd2 Kh7 14. Rad1 a6 15. dxe5
Nxe5 16. Nxe5 Qxe5 17. Bd4 Qf4 18. Bxg7 Qxd2 19. Rxd2 Kxg7 20. f3 Be6 21. Ne3
Nf4 22. h4 Bxc4 23. Nxc4 f5 24. g3 Nh5 25. Kg2 fxe4 26. Rxe4 Rxe4 27. fxe4 Nf6
28. e5 dxe5 29. Nxe5 Re8 30. Nf3 Re7 31. Nd4 Ng4 32. Re2 Rxe2+ 33. Nxe2 Ne5 34.
Nf4 Kf7 35. Kf2 c6 36. Ke2 Kf6 37. b3 Kf5 38. Ke3 g5 39. hxg5 Kxg5 40. Ke4 Nd7
41. Kf3 Ne5+ 42. Ke4 Nd7 43. Kf3 Ne5+ 44. Ke4 Nd7 45. Kf3 Ne5+ 46. Ke4 1/2-1/2

[Event "Oscaro Open 2013"]
[Site "Bastia FRA"]
[Date "2013.10.20"]
[Round "8.8"]
[White "Jussupow, Artur"]
[Black "Greenfeld, Alon"]
[Result "0-1"]
[WhiteTitle "GM"]
[BlackTitle "GM"]
[WhiteElo "2587"]
[BlackElo "2545"]
[WhiteFideId "4618777"]
[BlackFideId "2800039"]
[EventDate "2013.10.19"]

1. d4 Nf6 2. Nf3 g6 3. Bg5 Bg7 4. Nbd2 O-O 5. c3 d6 6. e4 c5 7. dxc5 dxc5 8. Bc4
Nc6 9. Qe2 Qc7 10. O-O h6 11. Bh4 Nh5 12. Rfe1 Na5 13. Bb5 Be6 14. Ba4 Rad8 15.
Bc2 Rd7 16. e5 Rfd8 17. Nf1 Nf4 18. Qe3 Nd3 19. Bxd3 Rxd3 20. Qe4 Nc4 21. b3 Na3
22. Re3 Bf5 23. Qa4 Nc2 24. Rxd3 Bxd3 25. Rd1 b5 26. Qa6 Be2 27. Rc1 Qd7 28.
Rxc2 Qd1 29. Rxe2 Qxe2 30. e6 Rd1 31. exf7+ Kxf7 32. Nd2 Qxd2 33. Qxb5 Qd3 34.
Qxd3 Rxd3 35. c4 Bd4 36. Bg3 Rd1 37. Bf4 g5 38. Be3 Ra1 39. g4 Rxa2 40. Kg2 Rb2
41. Kf3 Rxb3 42. Ke4 Bxe3 43. Nxe3 a5 0-1

[Event "Oscaro Open 2013"]
[Site "Bastia FRA"]
[Date "2013.10.20"]
[Round "9.1"]
[White "Fedorchuk, Sergey A."]
[Black "Almasi, Zoltan"]
[Result "1/2-1/2"]
[WhiteTitle "GM"]
[BlackTitle "GM"]
[WhiteElo "2656"]
[BlackElo "2707"]
[WhiteFideId "14102536"]
[BlackFideId "702293"]
[EventDate "2013.10.19"]

1. e4 e5 2. Nf3 Nc6 3. Bb5 a6 4. Ba4 Nf6 5. O-O Be7 6. d3 d6 7. c3 O-O 8. Re1
Re8 9. h3 Bf8 10. Nbd2 b5 11. Bc2 d5 12. exd5 Nxd5 13. d4 exd4 14. Rxe8 Qxe8 15.
Nb3 Bb7 16. Nbxd4 Nxd4 17. Qxd4 c5 18. Qh4 h6 19. Bd2 Qe7 20. Qxe7 Nxe7 21. Ne5
Rd8 22. Rd1 f6 23. Ng4 Kf7 24. a4 Nc6 25. axb5 axb5 26. Bc1 Rxd1+ 27. Bxd1 Na5
28. Bf4 c4 29. Ne3 g6 30. Bc7 Nb3 31. Bc2 Bc5 32. Bf4 h5 33. h4 Nc1 34. Kf1 Nd3
35. Bxd3 cxd3 36. f3 b4 37. Ke1 bxc3 38. bxc3 Ke6 39. Kd2 Ba6 40. c4 Bxe3+ 41.
Bxe3 Bxc4 42. Bf4 Kf5 43. Bg3 g5 44. Ke3 Ba6 45. Be1 Bb5 46. g3 gxh4 47. gxh4
Ke5 48. Bg3+ Kd5 49. Be1 Kc4 50. Bd2 Kb3 51. Be1 Kc2 52. Bb4 Bc6 53. f4 Bd7 54.
Ba5 Bf5 55. Be1 Bg4 56. Ba5 Bd7 57. Be1 Bc8 58. Ba5 Ba6 59. Be1 Kb3 60. Kd4 Bb5
61. Ba5 Kc2 62. Ke3 Bd7 63. Be1 Bf5 64. Ba5 Bg6 65. Be1 Bh7 66. Ba5 Kb3 67. Kd4
Ka4 68. Bd2 Kb3 69. Be1 1/2-1/2

[Event "Oscaro Open 2013"]
[Site "Bastia FRA"]
[Date "2013.10.20"]
[Round "9.2"]
[White "Istratescu, Andrei"]
[Black "Balogh, Csaba"]
[Result "1/2-1/2"]
[WhiteTitle "GM"]
[BlackTitle "GM"]
[WhiteElo "2664"]
[BlackElo "2632"]
[WhiteFideId "1200372"]
[BlackFideId "718939"]
[EventDate "2013.10.19"]

1. d4 d5 2. c4 c6 3. cxd5 cxd5 4. Nc3 Nf6 5. Bf4 Nc6 6. e3 Bf5 7. Nf3 e6 8. Bd3
Bxd3 9. Qxd3 Bd6 10. Bxd6 Qxd6 11. O-O O-O 12. Rfc1 Rfc8 13. h3 h6 14. Nd2 Nd7
15. a3 Ne7 16. Ne2 Rxc1+ 17. Rxc1 Rc8 18. Rxc8+ Nxc8 19. Qc2 Ne7 20. Nf4 Qc6 21.
Qxc6 Nxc6 22. Nd3 b6 23. Kf1 Kf8 24. Ke2 Ke7 25. g4 g5 26. b4 a5 27. b5 Na7 28.
a4 Nc8 29. Ne5 Nd6 30. Nxd7 Kxd7 31. f3 f5 32. Kd3 Ke7 33. e4 fxe4+ 34. fxe4
Nxe4 35. Nxe4 dxe4+ 36. Kxe4 Kd6 37. Ke3 Kd5 38. Kd3 e5 39. dxe5 Kxe5 40. Ke3
Kd5 41. Kd3 Ke5 42. Ke3 Kd5 1/2-1/2

[Event "Oscaro Open 2013"]
[Site "Bastia FRA"]
[Date "2013.10.20"]
[Round "9.3"]
[White "Postny, Evgeny"]
[Black "Dimitrov, Radoslav"]
[Result "1/2-1/2"]
[WhiteTitle "GM"]
[BlackTitle "IM"]
[WhiteElo "2631"]
[BlackElo "2445"]
[WhiteFideId "2804344"]
[BlackFideId "2908549"]
[EventDate "2013.10.19"]

1. d4 c5 2. d5 e5 3. e4 d6 4. Nc3 Be7 5. Nf3 a6 6. a4 Bg4 7. Be2 Bxf3 8. Bxf3
Bg5 9. a5 Bxc1 10. Qxc1 Ne7 11. O-O O-O 12. Nb1 f5 13. Nd2 Nd7 14. exf5 Nxf5 15.
Bg4 Qh4 16. Ra4 Rad8 17. Re4 Qg5 18. Bxf5 Rxf5 19. Re2 Qg6 20. Ne4 Rf4 21. Qe1
Nf6 22. Nxf6+ Qxf6 23. Re4 Rf8 24. Qe3 Rxe4 25. Qxe4 Qf4 26. Qxf4 Rxf4 27. b3
Rd4 28. c4 Rd2 29. f4 exf4 30. Rxf4 Rb2 31. Rf3 Ra2 32. Re3 Rxa5 33. Re7 b5 34.
Rd7 Ra3 35. Rxd6 Rxb3 36. Rxa6 bxc4 37. Ra5 Rd3 38. Rxc5 c3 39. Rc7 Kf8 40. Kf2
Rd2+ 41. Kf3 Rxd5 42. Rxc3 Kf7 43. Rc7+ Kf6 44. Rc6+ Kf7 45. Rc7+ Kf6 46. Rc6+
Kf7 47. Rc7+ Kf6 48. Ke4 1/2-1/2

[Event "Oscaro Open 2013"]
[Site "Bastia FRA"]
[Date "2013.10.20"]
[Round "9.5"]
[White "Naiditsch, Arkadij"]
[Black "Maiorov, Nikita1"]
[Result "1-0"]
[WhiteTitle "GM"]
[BlackTitle "GM"]
[WhiteElo "2724"]
[BlackElo "2548"]
[WhiteFideId "4650891"]
[BlackFideId "13501720"]
[EventDate "2013.10.19"]

1. e4 e5 2. Nf3 Nc6 3. Bb5 a6 4. Bxc6 dxc6 5. O-O Qf6 6. d4 exd4 7. Bg5 Qd6 8.
Nxd4 Be7 9. Be3 Nh6 10. Qd2 Qg6 11. f3 Bd7 12. Nc3 O-O-O 13. Qf2 f6 14. Nce2 Qe8
15. Ng3 Nf7 16. f4 g6 17. Rae1 c5 18. Nde2 b6 19. c4 f5 20. Nc3 Qf8 21. Nd5 Bh4
22. Qf3 Nd6 23. exf5 gxf5 24. Bf2 Kb8 25. Qb3 Bc6 26. Bxc5 Qf7 27. Bd4 Nxc4 28.
Nb4 Bb5 29. Bxh8 Rxh8 30. a4 Bd7 31. Nxa6+ Kc8 32. Rc1 Be6 33. Qb5 Bf6 34. b3
Bd4+ 35. Kh1 Nd6 36. Qc6 Bc5 1-0

[Event "Oscaro Open 2013"]
[Site "Bastia FRA"]
[Date "2013.10.20"]
[Round "9.6"]
[White "Horvath, Adam1"]
[Black "Edouard, Romain"]
[Result "1-0"]
[WhiteTitle "GM"]
[BlackTitle "GM"]
[WhiteElo "2530"]
[BlackElo "2657"]
[WhiteFideId "708003"]
[BlackFideId "633429"]
[EventDate "2013.10.19"]

1. e4 c5 2. Nf3 d6 3. d4 cxd4 4. Nxd4 Nf6 5. Nc3 Bd7 6. Bg5 e6 7. Qd2 Be7 8.
O-O-O a6 9. f4 b5 10. Bd3 Nc6 11. Nxc6 Bxc6 12. Rhe1 h6 13. Bxf6 Bxf6 14. Nd5
Bd4 15. Nb4 Qb6 16. Bf1 Bc5 17. Nxc6 Qxc6 18. b4 Bb6 19. Qxd6 Qxd6 20. Rxd6 Bc7
21. Rxa6 Bxf4+ 22. Kb2 Rxa6 23. Bxb5+ Ke7 24. Bxa6 Bd2 25. Rd1 Bxb4 26. a4 Bd6
27. h3 h5 28. Kb3 Rh6 29. Bb7 Rg6 30. a5 Rg3+ 31. Rd3 Kd7 32. Kc4 Kc7 33. Ba8
Rg5 34. a6 Rc5+ 35. Kb3 Rb5+ 36. Ka4 Rb4+ 37. Ka5 Rb2 38. Bb7 Rxc2 39. Kb5 Rb2+
40. Kc4 Rb4+ 41. Kc3 Ra4 42. Rd1 Ra5 43. Kc4 Ra4+ 44. Kb3 Ra3+ 1-0

[Event "Oscaro Open 2013"]
[Site "Bastia FRA"]
[Date "2013.10.20"]
[Round "9.7"]
[White "Angelov, Zvetomir"]
[Black "Saric, Ivan"]
[Result "0-1"]
[BlackTitle "GM"]
[WhiteElo "2092"]
[BlackElo "2628"]
[WhiteFideId "2905353"]
[BlackFideId "14508150"]
[EventDate "2013.10.19"]

1. d4 Nf6 2. Nf3 g6 3. Bf4 Bg7 4. h3 d6 5. Nbd2 O-O 6. e4 c5 7. c3 cxd4 8. cxd4
Nc6 9. Be3 e5 10. d5 Ne7 11. Be2 Ne8 12. Qb3 f5 13. g3 Nf6 14. exf5 Nxf5 15. Bg5
Qa5 16. Bxf6 Bxf6 17. O-O-O Bd7 18. Kb1 Rac8 19. Nc4 Qc5 20. Rhf1 e4 21. Nfd2
Nd4 22. Qe3 Nxe2 23. Qxe2 Qd4 24. Rc1 Bb5 25. Rc2 Qxd5 26. Rfc1 Qd3 27. Qg4 Kh8
28. Qe6 Bg7 29. Nxd6 Rxc2 30. Rxc2 e3 31. Nf7+ Rxf7 32. Qxf7 exd2 33. Qe6 0-1

[Event "Oscaro Open 2013"]
[Site "Bastia FRA"]
[Date "2013.10.20"]
[Round "9.9"]
[White "Cvitan, Ognjen"]
[Black "Lazarev, Vladimir"]
[Result "1-0"]
[WhiteTitle "GM"]
[BlackTitle "GM"]
[WhiteElo "2557"]
[BlackElo "2427"]
[WhiteFideId "14500086"]
[BlackFideId "4113250"]
[EventDate "2013.10.19"]

1. d4 Nf6 2. c4 e6 3. Nc3 Bb4 4. e3 d5 5. a3 Be7 6. Nf3 O-O 7. b3 b6 8. Bd3 Bb7
9. O-O c5 10. Bb2 cxd4 11. exd4 Nc6 12. Re1 Re8 13. Rc1 Rc8 14. cxd5 Nxd5 15.
Nxd5 Qxd5 16. Be4 Qd6 17. d5 exd5 18. Qxd5 Qxd5 19. Bxd5 Kf8 20. b4 Na5 21. Rxc8
Rxc8 22. Bxb7 Nxb7 23. Bxg7+ Kxg7 24. Rxe7 Rc1+ 25. Re1 Rc3 26. Ra1 Nd6 27. Nd4
Rd3 28. Nc6 a6 29. g3 Rd2 30. Re1 Nc4 31. a4 Ra2 32. Re4 Nd2 33. Rg4+ Kf8 34. b5
axb5 35. axb5 Rb2 36. Na7 Rc2 37. Kg2 f6 38. Rh4 Kg7 39. Rd4 Nc4 40. g4 Kg6 41.
h3 h5 42. Nc6 hxg4 43. hxg4 Na3 44. Na7 Rb2 45. Rd5 Nc4 46. Rd8 Ra2 47. Nc8 Rb2
48. Rd4 Na3 49. Rd3 Nxb5 50. Nxb6 Nc7 51. Nc4 Rb4 52. Ne3 Ne6 53. Kg3 Rb7 54.
Rd6 Ng5 55. Rd4 Rb1 56. Rd7 Rb3 57. Kg2 Ne6 58. Re7 Nf4+ 59. Kh2 Ra3 60. Nf5
Rh3+ 61. Kg1 Rh7 62. Re8 Kg5 63. Rg8+ Ng6 64. f3 Rh8 65. Rg7 Kf4 66. Rxg6 Kxf3
67. Nh6 Rf8 68. Kh2 Kf4 69. Kh3 Kf3 70. Kh4 Kf4 71. Kh5 Kf3 72. Rg8 1-0